| 000 | 00000nam##2200000za#4500 |
| 001 | 9.640292 |
| 003 | CaOODSP |
| 005 | 20210624222611 |
| 007 | cr ||||||||||| |
| 008 | 150407|1999||||xxc|||||o f|0| 0 fre|d |
| 040 | |aCaOODSP|bfre |
| 043 | |an-cn--- |
| 086 | 1 |aEn21-193/1999F-PDF |
| 110 | 1 |aCanada. |bEnvironnement Canada. |
| 245 | 10|aCadre de gestion pour la planification, le rapport et la responsabilisation |h[ressource électronique] |
| 260 | |aOttawa - Ontario : |bEnvironnement Canada |cc1999. |
| 300 | |a28p.|bfigure, glossaire, tableaux, photographies |
| 500 | |aLe n° de catalogue (En21-193/1999) et l'ISBN (0-662-64435-2) de l'édition imprimée bilingue ont été incorrectement copiés dans l'édition électronique. |
| 590 | |a12-21-Supp|b2012-05-18 |
| 691 | 07|aEnvironnement|2gcpds |
| 691 | 07|aGestion|2gcpds |
| 691 | 07|aPolitique environnementale|2gcpds |
| 775 | 08|tManagement framework for planning, reporting and accountability |w(CaOODSP)9.696174 |
| 776 | 0#|tManagement framework for planning, reporting and accountability |w(CaOODSP)9.661257 |
| 776 | 0#|tCadre de gestion pour la planification, le rapport et la responsabilisation |w(CaOODSP)9.661258 |
| 856 | 40|ahttp://publications.gc.ca|qPDF|s2.20 Mo|uhttps://publications.gc.ca/collections/Collection/En21-193-1999F.pdf |